The apostles of our Lord. (Record no. 5111)

000 -LEADER
fixed length control field 00526nam a2200181 a 4500
001 - CONTROL NUMBER
control field :::00002852$&:&@@
003 - CONTROL NUMBER IDENTIFIER
control field OkBaRHE
005 - DATE AND TIME OF LATEST TRANSACTION
control field 20000607103257.0
008 - FIXED-LENGTH DATA ELEMENTS--GENERAL INFORMATION
fixed length control field s1904 j 000 0 eng u
040 ## - CATALOGING SOURCE
Transcribing agency
100 1# - MAIN ENTRY--PERSONAL NAME
Personal name Greenhough, J. G.
245 14 - TITLE STATEMENT
Title The apostles of our Lord.
260 ## - PUBLICATION, DISTRIBUTION, ETC. (IMPRINT)
Place of publication, distribution, etc New York, NY., :
Name of publisher, distributor, etc A. C. Armstrong and Son
Date of publication, distribution, etc 1904
300 ## - PHYSICAL DESCRIPTION
Extent 278 p. ;
Dimensions 20 cm.
650 ## - SUBJECT ADDED ENTRY--TOPICAL TERM
Topical term or geographic name as entry element Apostles
942 ## - ADDED ENTRY ELEMENTS (KOHA)
Source of classification or shelving scheme
Koha item type Books
Copies
Not for loan Copy number Lost status Damaged status Price effective from Barcode Source of classification or shelving scheme Withdrawn status Date acquired Full call number Koha item type Date last seen Permanent Location Shelving location
 1  2010-04-142852  2010-04-14BS 2440 .G7Books2018-03-16RHEMA Bible Training CollegeGeneral Stacks